A dél-alföldi betyárvilág a 19. századi Magyarországon

Elmentve itt :
Bibliográfiai részletek
Szerző: Szabó Csanád
További közreműködők: Pelyach István (Témavezető)
Dokumentumtípus: Szakdolgozat
Megjelent: 2018
Tárgyszavak:
Online Access:http://diploma.bibl.u-szeged.hu/74243
LEADER 00690nta a2200169 i 4500
001 dipl74243
005 20190529065235.0
008 190529s2018 hu om 0|| hun d
040 |a SZTE Diploma Repozitórium  |b hun 
041 |a hun 
100 1 |a Szabó Csanád 
245 1 2 |a A dél-alföldi betyárvilág a 19. századi Magyarországon  |h [elektronikus dokumentum] /  |c Csanád Szabó 
246 1 0 |a Betyar-world of the Southern Alföld in the 19th century in Hungary  |h [elektronikus dokumentum] 
260 |c 2018 
650 4 |a Bölcsészettudományok 
700 1 |a Pelyach István  |e ths 
856 4 0 |u http://diploma.bibl.u-szeged.hu/id/eprint/74243/1/2018_Szab%C3%B3_Csan%C3%A1d_LNSY5L_SZ.pdf  |z Dokumentum-elérés